000 00749nam a2200253Ia 4500
003 GCL
008 140319s9999 xx 000 0 ara d
040 _aGCL /
_cGCL
082 0 4 _a155.4
_bن د
100 1 _aنادية يوسف
245 1 0 _aالدفاع عن طفل- اخر زمن /
_cنادية يوسف
260 _a[S.N] :
_bالهيئة المصرية العامة للكتاب ،
_c1988
300 _a153
490 _a
650 0 4 _aالتربية
650 0 4 _aالاطفال
650 0 4 _aعلم النفس
650 0 4 _aالحاسبات الالكترونية
650 0 4 _aقصص الاطفال
650 0 4 _aالامومة
650 0 4 _aاطفال الام العاملة
650 0 4 _aاللعبة
942 _2ddc
_cBK
999 _c29340
_d29340